Shocking Aspects of Canadian Labor Markets /

We analyze the flexibility of the Canadian labor market across provinces in both an interand intra-national context using macroeconomic data on employment, unemployment, participation, and (for Canada) migration and real wages. We find that Canadian labor markets respond in a similar manner to their...

Popoln opis

Bibliografske podrobnosti
Glavni avtor: Sutton, Bennett
Drugi avtorji: Bayoumi, Tamim, Swiston, Andrew
Format: Revija
Jezik:English
Izdano: Washington, D.C. : International Monetary Fund, 2006.
Serija:IMF Working Papers; Working Paper ; No. 2006/083
Online dostop:Full text available on IMF
LEADER 01687cas a2200265 a 4500
001 AALejournalIMF008994
008 230101c9999 xx r poo 0 0eng d
020 |c 5.00 USD 
020 |z 9781451863437 
022 |a 1018-5941 
040 |a BD-DhAAL  |c BD-DhAAL 
100 1 |a Sutton, Bennett. 
245 1 0 |a Shocking Aspects of Canadian Labor Markets /  |c Bennett Sutton, Tamim Bayoumi, Andrew Swiston. 
264 1 |a Washington, D.C. :  |b International Monetary Fund,  |c 2006. 
300 |a 1 online resource (30 pages) 
490 1 |a IMF Working Papers 
500 |a <strong>Off-Campus Access:</strong> No User ID or Password Required 
500 |a <strong>On-Campus Access:</strong> No User ID or Password Required 
506 |a Electronic access restricted to authorized BRAC University faculty, staff and students 
520 3 |a We analyze the flexibility of the Canadian labor market across provinces in both an interand intra-national context using macroeconomic data on employment, unemployment, participation, and (for Canada) migration and real wages. We find that Canadian labor markets respond in a similar manner to their U.S. counterparts and are more flexible than those in major euro area countries. Within Canada, the results indicate that labor markets in Ontario and provinces further west are more flexible, particularly with regard to migration, while those further east are less so. 
538 |a Mode of access: Internet 
700 1 |a Bayoumi, Tamim. 
700 1 |a Swiston, Andrew. 
830 0 |a IMF Working Papers; Working Paper ;  |v No. 2006/083 
856 4 0 |z Full text available on IMF  |u http://elibrary.imf.org/view/journals/001/2006/083/001.2006.issue-083-en.xml  |z IMF e-Library